| 000 | 00801nam a2200253Ia 4500 | ||
|---|---|---|---|
| 005 | 20220316235309.0 | ||
| 008 | 121119s1995 sp a gr 000 0 spa | ||
| 020 | _a8471145049 | ||
| 041 | 0 | _aspa | |
| 082 | 0 | 4 |
_a639.31 _bB41T |
| 100 | 1 | _aBlanco Cachafeiro, Maria Carmen | |
| 245 | 1 | 3 |
_aLa trucha _bcría industrial _cMaria Carmen Blanco Cachafeiro |
| 250 | _aSegunda edición | ||
| 300 |
_a503 páginas _bilustraciones _c24 cm |
||
| 650 | 1 | 4 |
_aPiscicultura _2LEMB |
| 650 | 1 | 4 |
_aTrucha arco iris _xCría y desarrollo _2LEMB |
| 650 | 1 | 4 |
_aSalmonidos _xCría y desarrollo _2LEMB |
| 942 |
_2ddc _cBK |
||
| 264 |
_aMadrid _bMundi-Prensa _c1995 |
||
| 336 |
_atexto _btxt _2rdacontent |
||
| 337 |
_asin mediación _bn _2rdamedia |
||
| 338 |
_avolumen _bnc _2rdacarrier |
||
| 040 |
_aCO-BoRNBP _bspa _erda _cCO-BoRNBP |
||
| 999 |
_c531 _d531 |
||